Mechatronics : (Record no. 8216)

MARC details
000 -LEADER
fixed length control field 01083cam a22002894a 4500
001 - CONTROL NUMBER
control field 13998558
003 - CONTROL NUMBER IDENTIFIER
control field OSt
005 - DATE AND TIME OF LATEST TRANSACTION
control field 20231016111157.0
008 - FIXED-LENGTH DATA ELEMENTS--GENERAL INFORMATION
fixed length control field 050610s2006 flua b 001 0 eng
010 ## - LIBRARY OF CONGRESS CONTROL NUMBER
LC control number 2005049656
020 ## - INTERNATIONAL STANDARD BOOK NUMBER
International Standard Book Number 0849363586 (alk. paper)
040 ## - CATALOGING SOURCE
Original cataloging agency DLC
Transcribing agency DLC
Modifying agency DLC
042 ## - AUTHENTICATION CODE
Authentication code pcc
050 00 - LIBRARY OF CONGRESS CALL NUMBER
Classification number TJ163.12
Item number .M4315 2006
082 00 - DEWEY DECIMAL CLASSIFICATION NUMBER
Classification number 621.3 ROB 2006.
Edition number 22
100 ## - MAIN ENTRY--PERSONAL NAME
Personal name Bishop,H.Robert;
9 (RLIN) 16758
245 00 - TITLE STATEMENT
Title Mechatronics :
Remainder of title an introduction /
Statement of responsibility, etc. edited by Robert H. Bishop.
260 ## - PUBLICATION, DISTRIBUTION, ETC. (IMPRINT)
Place of publication, distribution, etc. Boca Raton :
Name of publisher, distributor, etc. Taylor & Francis,
Date of publication, distribution, etc. 2006.
300 ## - PHYSICAL DESCRIPTION
Extent 1 v. (various pagings) :
Other physical details ill. ;
Dimensions 26 cm.
504 ## - BIBLIOGRAPHY, ETC. NOTE
Bibliography, etc Includes bibliographical references and index.
650 #0 - SUBJECT ADDED ENTRY--TOPICAL TERM
Topical term or geographic name as entry element Mechatronics.
9 (RLIN) 16759
700 1# - ADDED ENTRY--PERSONAL NAME
Personal name Bishop, Robert H.,
Dates associated with a name 1957-
9 (RLIN) 16760
856 42 - ELECTRONIC LOCATION AND ACCESS
Materials specified Publisher description
Uniform Resource Identifier http://www.loc.gov/catdir/enhancements/fy0661/2005049656-d.html
906 ## - LOCAL DATA ELEMENT F, LDF (RLIN)
a 7
b cbc
c orignew
d 1
e ocip
f 20
g y-gencatlg
942 ## - ADDED ENTRY ELEMENTS (KOHA)
Source of classification or shelving scheme Dewey Decimal Classification
Koha item type Book Bank
Holdings
Withdrawn status Lost status Source of classification or shelving scheme Damaged status Not for loan Home library Current library Date acquired Source of acquisition Inventory number Total Checkouts Full call number Barcode Date last seen Price effective from Koha item type
    Dewey Decimal Classification     Main Kihumuro Campus Main Kihumuro Campus 16/10/2023 Purchase 23/42150   621.3 ROB 2006. 2023-0641 16/10/2023 16/10/2023 Book Bank
    Dewey Decimal Classification     Main Kihumuro Campus Main Kihumuro Campus 16/10/2023 Purchase 23/42149   621.3 ROB 2006. 2023-0642 16/10/2023 16/10/2023 Book Bank